000 00997nam a2200277 i 4500
001 bg
245 0 0 _aVademecum pośrednika nieruchomości /
_cpod red. Władysława J. Brzeskiego, Grzegorza Dobrowolskiego, Szymona Sędka ; aut. Władysław J. Brzeski [et al.].
250 _aWyd. 2 zm. i uzup.
260 _aKraków :
_bKrakowski Instytut Nieruchomości,
_c2004.
300 _a519, [1] s. :
_btab., wykr. ;
_c24 cm.
504 _aWykaz aktów prawnych s. 484-494. Indeks.
650 9 _aNieruchomości
_xhandel
650 9 _aPośrednictwo
655 _aPodręczniki
700 1 _aBRZESKI, Władysław Jan.
_eRed.
700 1 _aDOBROWOLSKI, Grzegorz.
_eRed.
700 1 _aSĘDEK, Szymon.
_eRed.
020 _a8386576731
040 _cBPK
041 0 _apol
080 _a332.7(07)
920 _a83-86576-73-1
942 _cKS
008 s pl f |000 0 pol
999 _c45852
_d45852
856 _uhttp://koha.tu.koszalin.pl/cgi-bin/koha/opac-detail.pl?biblionumber=45852
_yKatalog online BPK